00321nam a2200121Ia 4500008004100000041000800041082001600049100001800065245004500083260002700128300003300155365001100188240624s9999 xx 000 0 und d aeng a658.472 SCH aSCHMARZO BILL aBIG DATA UNDERSTANDING HOW DATA POWERS B c2013aNew DelhibWiley axxiii, : 216 : p. : cm. ; 23 cRSb31